000 01703nam a2200229Ia 4500
008 260220t1998||||xx |||||||||||||| ||spa||
040 _aPY-SlUNAC
_bspa
_erda
041 _aspa
082 _a618.92
_bIn7i
245 0 _aInvestigación en pediatría clínica
264 _aAsunción :
_bEditorial EFACIM,
_c℗1998.
300 _a1 volumen
520 _aEl libro "Investigación en pediatría clínica", publicado por la Editorial EFACIM en 1998, se centra en la importancia de la investigación en el campo de la pediatría y su impacto en la salud infantil. A través de una serie de capítulos, se abordan diversos métodos y enfoques de investigación que son esenciales para el desarrollo de prácticas clínicas basadas en evidencia. Se destacan temas como la epidemiología, la bioestadística y la ética en investigación, así como la relevancia de involucrar a los padres y cuidadores en el proceso de investigación. El autor enfatiza la necesidad de generar conocimiento que mejore el diagnóstico, tratamiento y prevención de enfermedades en niños y adolescentes. Además, se presentan ejemplos de estudios significativos que han influido en la práctica clínica pediátrica, subrayando la relación entre la investigación y la mejora en la calidad de atención. En conjunto, el libro es una valiosa contribución para profesionales de la salud interesados en la investigación pediátrica y su aplicación clínica.
653 _aInvestigación médica
653 _aPediatría
653 _aSalud infantil
942 _b2026/02/17
_cBK
999 _c8527
_d8527